Présidents des Etats Unis depuis 1929 - Statistiques

Statistiques générales
  • Ce quiz a été pris 306 fois
  • Le résultat moyen est 12 sur 15
Statistiques - réponses
Date Presidents % Correct
2009 - 2017 Obama
98%
2017 - 2021 Trump
98%
1989 - 1993 W . Bush
92%
2001 - 2009 W . Bush
92%
1961 - 1963 Kennedy
89%
1993 - 2001 Clinton
85%
1933 - 1945 Roosevelt
82%
1969 - 1974 Nixon
79%
1981 - 1989 Reagan
78%
1945 - 1953 Truman
74%
1953 - 1961 Eisenhower
72%
1977 - 1981 Carter
64%
1963 - 1969 Johnson
62%
1974 - 1977 Ford
59%
1929 - 1933 Hoover
53%
Aucun quiz correspondant
Distribution des résultats
% des personnes avec chaque résultat
Percentile par nombre de réponses
Votre historique - résultats
Vous n’avez pas pris ce quiz